| 000 | 00758nam a2200241 4500 | ||
|---|---|---|---|
| 001 | 27401 | ||
| 003 | BD-RjUL | ||
| 005 | 20211209051141.0 | ||
| 008 | 140325s1982 us | |||| 000 0 eng d | ||
| 020 | _a0840326548 | ||
| 035 | _a(BD-RjUL)27474 | ||
| 040 |
_aBD-RjUL _beng _cBD-RjUL |
||
| 041 | _aeng | ||
| 082 | 0 | 4 |
_a973.3 _bNIU 1982 |
| 100 | 1 |
_aNiven, Alexander C. _984179 |
|
| 245 | 1 | 0 |
_aUnited and disunited : _ba guide to U.S. history, 1778-1865 / _cAlexander C. Niven and Robert R. Riels. |
| 250 | _aPrelim. ed. | ||
| 260 |
_aDubuque, Iowa : _bKendall/Hunt Pub. Co., _cc1982. |
||
| 300 |
_aiv, 105 p. ; _c28 cm. |
||
| 651 | 0 |
_aUnited States _xHistory _yRevolution, 1775-1783. _984180 |
|
| 700 | 1 |
_aRiels, Robert R. _984181 |
|
| 942 |
_2ddc _cBK _01 |
||
| 999 |
_c27401 _d27401 |
||